| 000 | 00491cam a2200193ua 4500 | ||
|---|---|---|---|
| 020 |
_a0 582 46814 0 _c329.00 |
||
| 041 |
_aeng _h |
||
| 082 |
_a630.913 _bWEB/AG |
||
| 100 | _aWebster, C C . | ||
| 245 |
_aAgriculture in the tropics / _cC C Webster. _hTextual Documents |
||
| 250 |
_a2 / _b. |
||
| 260 |
_aLondon : _bLongman Group Limited , _c1980. |
||
| 300 | _a640 ; . | ||
| 365 | _a329.00 | ||
| 504 | _a | ||
| 700 | 1 | _aWilson, P N . | |
| 942 | _cBK | ||
| 999 |
_c7372 _d7372 |
||